000 01132naa a22003257a 4500
001 BR8204301
003 BR-BrBNA
005 20240918175132.0
007 ta
008 230509b bl.||||| |||| 00| 0 por d
040 _aBR-BrBNA
_bpor
_cBiblioteca Nacional de Agricultura
041 _a(Pt)
072 _aF30; A50
_b0120
_bG514
090 _aF30 BR8204301
100 1 _aGuadagnin, J.P.
100 1 _aNuss, C.N.
100 1 _aSilva, L.C.M. da
100 1 _aWinkler, E.I.G.
100 1 _aBresolin, M.
111 1 _a27. Reuniao Tecnica Anual do Milho
_cPorto Alegre, RS (Brazil)
_d17-19 Aug 1982
245 1 _aAvaliacao de hibridos experimentais de milho (Zea mays L.)- 1981-82 [Brasil]
260 3 _aPorto Alegre, RS (Brasil):
_c1982.
500 _aAta da 27. Reuniao Tecnica Anual do Milho Porto Alegre, RS (Brasil): 1982. p. 187-190 (BR8204301-AM)F30
650 _aHIBRIDACAO
650 _aPESQUISA AGRICOLA
650 _aMILHO
773 0 _tAta da 27. Reuniao Tecnica Anual do Milho
_wF30 BR8204301
_gPorto Alegre, RS (Brasil), 1982. p. 187-190
909 _a202404
_bLucia
_c55
_dLucia Elande
942 _cAM
_2AGRIS
999 _c315207
_d315207